000 00722nam a2200277Ia 4500
005 20260324143329.0
008 008 260324s9999 xx 000 0 eng d
020 _a9781315477299
037 _aEBOOK
040 _aCRL
040 _beng
040 _cCRL
041 _2eng
041 _aeng
084 _qCRL
100 _aPaul H Barrett
245 4 _aThe Works of Charles Darwin: Vol 10: The Foundations of the Origin of Species: Two Essays Written in 1842 and 1844 (Edited 1909)
260 _bTaylor and Francis
260 _c1992
365 _a
365 _b130
856 _uhttp://www.taylorfrancis.com/books/9781315477299
942 _cEBOOK
999 _c1820487
_d1820487